| 000 | 00741cam a22002291i 4500 | ||
|---|---|---|---|
| 001 | sa 64001426 | ||
| 003 | DLC | ||
| 005 | 20260227112002.0 | ||
| 008 | 830524s1961 io ac 000 0 ind | ||
| 010 | _asa 64001426 | ||
| 035 | _a(OCoLC)9539496 | ||
| 040 |
_aDLC _cOAU _dDLC |
||
| 042 | _apremarc | ||
| 043 | _aa-io--- | ||
| 050 | 0 | 0 |
_aHC446 _b.A5 1961 |
| 110 | 1 |
_aIndonesia. _bMajelis Permusyawaratan Rakyat. |
|
| 245 | 1 | 0 |
_aRingkasan ketetapan Madjelis Permusjawaratan Rakjat Sementara--Republik Indonesia. _bNo. I dan II/MPRS/1960. |
| 260 |
_aDjakarta ; _bM.P.R.S. dan Departemen Penerangan, _c[1961] |
||
| 300 |
_a279 p. : _bill., ports ; _c21 cm. |
||
| 651 | 0 |
_aIndonesia _xEconomic policy. |
|
| 776 | 1 |
_cMicrofiche _w(DLC) 2007566534 |
|
| 999 |
_c56740 _d56740 |
||